DYNAMIC MODELLING AND CONTROL OF ENGINEERING SYSTEM (Record no. 571093)
[ view plain ]
| 000 -LEADER | |
|---|---|
| fixed length control field | 00397nam a22001337a 4500 |
| 020 ## - INTERNATIONAL STANDARD BOOK NUMBER | |
| International Standard Book Number | 0-02-946205-3 |
| 082 ## - DEWEY DECIMAL CLASSIFICATION NUMBER | |
| Classification number | 620 SHE |
| 100 ## - MAIN ENTRY--PERSONAL NAME | |
| Personal name | SHEARER, J.LOWEN , KULANKOWSKI, BOHDAN T |
| 9 (RLIN) | 61749 |
| 245 ## - TITLE STATEMENT | |
| Title | DYNAMIC MODELLING AND CONTROL OF ENGINEERING SYSTEM |
| 260 ## - PUBLICATION, DISTRIBUTION, ETC. | |
| Place of publication, distribution, etc. | NEW YORK |
| Name of publisher, distributor, etc. | MACMILLAN PUBLISH |
| Date of publication, distribution, etc. | 1990 |
| 300 ## - PHYSICAL DESCRIPTION | |
| Extent | XIII,367 P |
| 650 ## - SUBJECT ADDED ENTRY--TOPICAL TERM | |
| Topical term or geographic name entry element | ENGINEERING MATHEMATICAL MODELS |
| 9 (RLIN) | 61750 |
| 942 ## - ADDED ENTRY ELEMENTS (KOHA) | |
| Koha item type | Book |
| Withdrawn status | Lost status | Source of classification or shelving scheme | Damaged status | Not for loan | Permanent Location | Current Location | Shelving location | Date acquired | Full call number | Barcode | Date last seen | Price effective from | Koha item type | Public note |
|---|---|---|---|---|---|---|---|---|---|---|---|---|---|---|
| College of Electrical & Mechanical Engineering (CEME) | College of Electrical & Mechanical Engineering (CEME) | General Stacks | 07/20/2017 | 620 SHE | CEME-25475 | 06/28/2021 | 06/28/2021 | Book | 4.0 |
